| 000 | 00853nam a22002057a 4500 | ||
|---|---|---|---|
| 003 | OSt | ||
| 005 | 20240227115617.0 | ||
| 008 | 240226s2015 ag ||||| |||| 00| 0 spa d | ||
| 020 | _a9789879493557 | ||
| 040 | _cbesoc | ||
| 100 | 1 |
_aEggers-Brass, Teresa _eautor |
|
| 245 | 1 | 0 |
_aHistoria II : _bAmérica indígena y la expansión europea / _cTeresa Eggers-Brass y Marisa Gallego |
| 250 | _a2a ed., 3ra reimp. | ||
| 260 |
_aBuenos Aires : _bMaipue _c2015 |
||
| 300 | _a252 p. | ||
| 505 | 0 | _aCap. 1. Las sociedades indígenas en América -- Cap. 2. El fortalecimiento de las monarquías y la expansión europea -- Cap. 3. La irrupción europea en América y la resistencia indígena -- Cap. 4. Imperios y colonias -- Cap. 5. El fortalecimiento de la burguesía.- | |
| 650 | 4 |
_aHistoria _zAmérica _zEuropa |
|
| 700 | 1 | _aGallego, Marisa | |
| 942 |
_2udc _cLPD _n0 |
||
| 999 |
_c203 _d203 |
||